Manual for classification of gases, vapors and dusts for electrical equipment in hazardous (classified) locations.

Bibliographic Details
Corporate Authors: National Fire Protection Association, American National Standards Institute
Format: Book
Language:English
Published: Quincy, MA : National Fire Protection Association, [1983]
Edition:1983 ed.
Subjects:

MARC

Tag First Indicator Second Indicator Subfields
LEADER 00000cam a2200000 a 4500
001 in00000007755
005 20151002060029.0
008 830802s1983 mau 00010 eng d
035 |a (OCoLC)09769499 
035 |9 AAA0085AM 
040 |a SPI  |c SPI  |d OCL  |d m/c  |d TXA  |d UtOrBLW 
050 4 |a TH9115  |b .N28 no. 497M 
088 |a ANSI/NFPA 497M 
090 |a TH9446.I475  |b N38 1983 
110 2 |a National Fire Protection Association. 
245 1 0 |a Manual for classification of gases, vapors and dusts for electrical equipment in hazardous (classified) locations. 
250 |a 1983 ed. 
264 1 |a Quincy, MA :  |b National Fire Protection Association,  |c [1983] 
264 4 |c ©1983 
300 |a 27 pages ;  |c 20 cm. 
336 |a text  |b txt  |2 rdacontent 
337 |a unmediated  |b n  |2 rdamedia 
338 |a volume  |b nc  |2 rdacarrier 
500 |a Caption title. 
500 |a "NFPA 497M." 
500 |a Cover title: Classification of gases, vapors and dusts for electrical equipment in hazardous (classified) locations, 1983. 
500 |a "December 7, 1982". 
650 0 |a Gases  |x Classification  |x Standards. 
650 0 |a Vapors  |x Classification  |x Standards. 
710 2 |a American National Standards Institute. 
740 0 |a Classification of gases, vapors and dusts for electrical equipment in hazardous (classified) locations, 1983. 
999 |a MARS 
999 f f |s 7553e660-4ef5-3443-b439-bec927474164  |i 9b933ed8-d684-390d-a13d-2687eb1369f8  |t 0 
952 f f |p ric  |a Texas A&M University  |b Rellis Campus  |c Joint Library Facility  |d Remote Storage  |t 0  |e TH9446.I475 N38 1983  |h Library of Congress classification  |i unmediated -- volume  |m A14812546904 
998 f f |a TH9446.I475 N38 1983  |t 0  |l Remote Storage